000
00277nam a2200109Ia 4500
008
190216s9999||||xx |||||||||||||| ||und||
100
_a
Mehrotra &goyal Sp
245
0
_a
Income Tax Law And Practice
260
_b
Himalaya Publishing House
_c
1993
300
_a
858p
942
_c
BK
999
_c
4783
_d
4783